000 00918pam a2200277 a 4500
999 _c5296
_d5296
001 1879336
003 OSt
005 20200116153930.0
008 831118s1984 njua b 001 0 eng
010 _a 83024749
020 _a0876923554
040 _aDLC
_cDLC
_dDLC
050 0 0 _aHF5635
_b.H814 1984
082 0 0 _a658.1511
_219
_bHOR/I
100 _aHorngren, Charles T
_d1926-
_91183
245 1 0 _aIntroduction to management accounting /
_cCharles T. Horngren.
250 _a6th ed.
260 _aEnglewood Cliffs, N.J. :
_bPrentice-Hall,
_cc1984.
300 _axix, 696 p. :
_bill. (some col.) ;
_c25 cm.
440 0 _aPrentice-Hall series in accounting
504 _aIncludes bibliographies and index.
650 0 _aManagerial accounting.
650 0 _aCost accounting.
906 _a7
_bcbc
_corignew
_d1
_eocip
_f19
_gy-gencatlg
942 _2ddc
_cBK
_h658.1511
_iHOR/I
_k658.1511
_mHOR/I